Recognize U.S. States by Tripoint Maps #1 - Statistics

General Stats
  • This quiz has been taken 27 times
  • The average score is 24 of 27
Answer Stats
Picture Answer % Correct
Illinois
100%
Illinois
100%
Iowa
100%
Utah
100%
Wyoming
100%
Alabama
96%
Florida
96%
Georgia
96%
Minnesota
96%
Missouri
96%
Michigan
92%
North Dakota
92%
Wisconsin
92%
Idaho
88%
New Jersey
88%
South Dakota
88%
Arizona
83%
California
83%
Delaware
83%
Nevada
83%
Pennsylvania
83%
Arkansas
75%
Louisiana
75%
Kentucky
71%
Mississippi
71%
Virginia
71%
West Virginia
71%
No matching quizzes found
Score Distribution
Percent of People with Each Score
Percentile by Number Answered
Your Score History
You have not taken this quiz